[Event "Serpukhov Lushki-B"]
[Site "Serpukhov"]
[Date "2004.11.22"]
[Round "5"]
[White "Simantsev, Mikhail"]
[Black "Duisenova, Madina"]
[Result "1-0"]
[WhiteElo "2402"]
[BlackElo "2186"]
[PlyCount "87"]
[EventDate "2004.11.19"]
[EventType "tourn"]
[EventRounds "17"]
[EventCountry "RUS"]
[EventCategory "1"]
[SourceTitle "CBM 103 Extra"]
[Source "ChessBase"]
[SourceDate "2005.01.01"]
[SourceVersion "1"]
[SourceVersionDate "2005.01.01"]
[SourceQuality "1"]

1. d4 Nf6 2. c4 e6 3. Nf3 b6 4. e3 Bb7 5. Bd3 Be7 6. 0-0 0-0 7. Nbd2 d5 8. b3 Nbd7 9. Bb2 c5 10. Rc1 Ne4 11. Qe2 cxd4 12. exd4 Nxd2 13. Nxd2 Rc8 14. f4 g6 15. Nf3 Re8 16. Qe3 Bf6 17. Rc2 Qe7 18. Ne5 dxc4 19. bxc4 Red8 20. Ng4 Bg7 21. f5 Qh4 22. fxe6 Qxg4 23. exd7 Rxd7 24. d5 Bxb2 25. Rxb2 Ba6 26. Rbf2 Rf8 27. Rf4 Qg5 28. h4 Re7 29. Qc1 Qe5 30. Qa3 Qe3+ 31. Kh2 Bc8 32. R1f3 Qc5 33. Qxc5 bxc5 34. Rf6 Bd7 35. Ra6 Ra8 36. Ra5 Bg4 37. Rf4 Be2 38. d6 Re6 39. Bxe2 Rxe2 40. Rxc5 Rd8 41. Rc6 Rxa2 42. c5 Rd2 43. Ra4 h5 44. Rxa7 1-0

[Event "Serpukhov-B"]
[Site "Serpukhov"]
[Date "2004.08.29"]
[Round "4"]
[White "Sergienko, Sergey"]
[Black "Duisenova, Madina"]
[Result "1-0"]
[WhiteElo "2435"]
[BlackElo "2171"]
[PlyCount "67"]
[EventDate "2004.08.26"]
[EventType "tourn"]
[EventRounds "12"]
[EventCountry "RUS"]
[EventCategory "1"]
[SourceTitle "EXT 2006"]
[Source "ChessBase"]
[SourceDate "2005.11.24"]
[SourceVersion "1"]
[SourceVersionDate "2005.11.24"]
[SourceQuality "1"]

1. d4 Nf6 2. c4 e6 3. Nc3 Bb4 4. Qc2 d5 5. cxd5 Qxd5 6. Nf3 c5 7. a3 Bxc3+ 8. bxc3 b6 9. e3 Bb7 10. Be2 Nbd7 11. 0-0 0-0 12. a4 Rfc8 13. Qb2 Qe4 14. Rd1 e5 15. Ne1 Qh4 16. h3 Ne4 17. Bg4 Rd8 18. Nf3 Qf6 19. Bxd7 Rxd7 20. Nxe5 Qxe5 21. dxe5 Rxd1+ 22. Kh2 Rad8 23. f3 Nd2 24. Bxd2 R1xd2 25. Qb5 Bxf3 26. Rg1 Ra2 27. Kg3 Bb7 28. e6 fxe6 29. Qb3 Rad2 30. Qxe6+ Kh8 31. e4 h6 32. Rf1 Re2 33. Qf7 Rd3+ 34. Rf3 1-0

[Event "Serpukhov-B"]
[Site "Serpukhov"]
[Date "2004.08.27"]
[Round "2"]
[White "Modestov, Boris"]
[Black "Duisenova, Madina"]
[Result "1-0"]
[WhiteElo "2300"]
[BlackElo "2171"]
[PlyCount "131"]
[EventDate "2004.08.26"]
[EventType "tourn"]
[EventRounds "12"]
[EventCountry "RUS"]
[EventCategory "1"]
[SourceTitle "EXT 2006"]
[Source "ChessBase"]
[SourceDate "2005.11.24"]
[SourceVersion "1"]
[SourceVersionDate "2005.11.24"]
[SourceQuality "1"]

1. d4 d5 2. Nf3 Nf6 3. g3 Bf5 4. Bg2 e6 5. c4 c6 6. 0-0 Be7 7. b3 0-0 8. Bb2 Nbd7 9. Nbd2 Ne4 10. Ne1 Nxd2 11. Qxd2 Nf6 12. Nd3 Ne4 13. Qd1 h6 14. e3 Nd6 15. Rc1 Bg5 16. Qe2 a5 17. c5 Nb5 18. a4 Nc7 19. Rcd1 Bxd3 20. Qxd3 f5 21. f3 Qd7 22. Rde1 Ne8 23. e4 f4 24. Bh3 Nc7 25. Re2 Qf7 26. Bc3 Qg6 27. g4 Ne8 28. Qd2 Bd8 29. Rfe1 Bh4 30. Ra1 Bd8 31. Bf1 Nf6 32. e5 Nh7 33. Qc2 Qxc2 34. Rxc2 Rf7 35. Bd3 Nf8 36. b4 axb4 37. Bxb4 Ba5 38. Bxa5 Rxa5 39. Rb2 Rc7 40. Bc2 Kf7 41. Kf2 g5 42. Ke2 Ng6 43. Kd3 Nh4 44. Bd1 Ke7 45. Kc3 Kd7 46. Kb4 Ra7 47. a5 Rc8 48. Be2 Rca8 49. a6 bxa6 50. Ka5 Kc7 51. Rab1 Ng6 52. Rb6 Ne7 53. Bxa6 Kd8 54. Rb8+ Nc8 55. Rxa8 Rxa8 56. Rb7 Ne7 57. h3 Ke8 58. Rb2 Kd8 59. Kb6 Rb8+ 60. Bb7 Kd7 61. Ka7 Kc7 62. Rb6 Rg8 63. Ba6 Nc8+ 64. Bxc8 Rxc8 65. Rb7+ Kd8 66. Kb6 1-0

[Event "Novosibirsk"]
[Site "Novosibirsk"]
[Date "2004.08.??"]
[Round "4"]
[White "Duisenova, Madina"]
[Black "Karpov, Alexander"]
[Result "1-0"]
[WhiteElo "2171"]
[BlackElo "2315"]
[PlyCount "51"]
[EventDate "2004.08.??"]
[EventType "tourn"]
[EventRounds "11"]
[EventCountry "RUS"]
[SourceTitle "EXT 2006"]
[Source "ChessBase"]
[SourceDate "2005.11.24"]
[SourceVersion "1"]
[SourceVersionDate "2005.11.24"]
[SourceQuality "1"]

1. d4 f5 2. Nf3 Nf6 3. g3 d6 4. Bg2 e6 5. c4 Be7 6. Nc3 0-0 7. 0-0 Qe8 8. b4 a5 9. b5 Nbd7 10. Bb2 Nb6 11. Nd2 g5 12. Rc1 h5 13. e4 f4 14. e5 dxe5 15. dxe5 Ng4 16. Nce4 fxg3 17. fxg3 Nd7 18. Qe2 Rf5 19. Nf3 Ngxe5 20. Nxe5 Nxe5 21. Rxf5 exf5 22. Nf2 Ng4 23. Re1 Nxf2 24. Bd5+ Kf8 25. Qe5 Nh3+ 26. Kf1 1-0

[Event "Novosibirsk"]
[Site "Novosibirsk"]
[Date "2004.08.??"]
[Round "8"]
[White "Kineva, Ekaterina"]
[Black "Duisenova, Madina"]
[Result "1-0"]
[WhiteElo "2139"]
[BlackElo "2171"]
[PlyCount "49"]
[EventDate "2004.08.??"]
[EventType "tourn"]
[EventRounds "11"]
[EventCountry "RUS"]
[SourceTitle "EXT 2006"]
[Source "ChessBase"]
[SourceDate "2005.11.24"]
[SourceVersion "1"]
[SourceVersionDate "2005.11.24"]
[SourceQuality "1"]

1. e4 c5 2. Nf3 d6 3. d4 cxd4 4. Nxd4 a6 5. Nc3 b5 6. Be3 Bb7 7. f3 e6 8. Qd2 Nf6 9. g4 b4 10. Nce2 d5 11. g5 Nfd7 12. exd5 Bxd5 13. Nf4 Nb6 14. 0-0-0 Be7 15. Nf5 exf5 16. Bxb6 Qxb6 17. Nxd5 Qd6 18. Qe3 Kf8 19. Nb6 Qc6 20. Nxa8 Qxa8 21. Bc4 Nc6 22. Bd5 Qe8 23. Rhe1 Nd8 24. f4 h6 25. Qh3 1-0

[Event "Novosibirsk"]
[Site "Novosibirsk"]
[Date "2004.08.??"]
[Round "5"]
[White "Timofeeva, Ekaterina"]
[Black "Duisenova, Madina"]
[Result "0-1"]
[WhiteElo "2129"]
[BlackElo "2171"]
[PlyCount "72"]
[EventDate "2004.08.??"]
[EventType "tourn"]
[EventRounds "11"]
[EventCountry "RUS"]
[SourceTitle "EXT 2006"]
[Source "ChessBase"]
[SourceDate "2005.11.24"]
[SourceVersion "1"]
[SourceVersionDate "2005.11.24"]
[SourceQuality "1"]

1. Nf3 d5 2. d4 Nf6 3. c4 c6 4. e3 Bf5 5. Nc3 e6 6. cxd5 exd5 7. Bd3 Bxd3 8. Qxd3 Nbd7 9. Rb1 a5 10. b3 Bd6 11. 0-0 0-0 12. a3 Qe7 13. a4 Rfe8 14. Ne2 Ne4 15. Ng3 Qf6 16. Nd2 Qg6 17. Ngxe4 dxe4 18. Qe2 Nf6 19. g3 Nd5 20. Bb2 Bc7 21. Rbc1 Qf5 22. Ba3 Re6 23. Rc2 h5 24. Nc4 Rg6 25. Kg2 h4 26. Rg1 Re8 27. Nd2 Ree6 28. Nf1 Rg5 29. Rc4 hxg3 30. fxg3 Rh6 31. Rc2 Qh3+ 32. Kf2 Rf6+ 33. Ke1 Rgf5 34. Rc1 Rf3 35. Rc5 Bd6 36. Rxd5 Bxa3 0-1